| 000 | 00453nam a2200169 i 4500 | ||
|---|---|---|---|
| 001 | 101914 | ||
| 003 | ES-MaACL | ||
| 005 | 20230906183016.0 | ||
| 007 | t| | ||
| 008 | 051028s1916 xxk ||||1| eng d | ||
| 100 | 1 |
_aMellor, J. W. _980004 |
|
| 245 | 1 | 0 |
_aHigher Mathematics... / _cJ. W. Mellor. |
| 260 |
_aLondon : _bUniversity Press, _c1916. |
||
| 300 |
_aXXI, 641 p. : _bil. ; _c22 cm. |
||
| 500 | _aEs reimpresión. | ||
| 852 |
_aES-MaACL _jC-1483 |
||
| 999 |
_c101914 _d101914 |
||